| 000 | 00493nam a22001817a 4500 | ||
|---|---|---|---|
| 005 | 20251108165315.0 | ||
| 008 | 250721s1992 xx 000 0 ara d | ||
| 082 | 1 | 4 | _a923.2561/عدن |
| 100 | 1 | _aالملوحي، عدنان | |
| 245 | 1 | 0 | _aالطريق إلى دمشق مذكرات / |
| 250 | _aط2 | ||
| 264 | 1 |
_aدمشق : _bدار شمال للطباعة، _c1992. |
|
| 300 | _aج | ||
| 650 | 1 | 7 | _aالتراجم |
| 650 | 1 | 7 | _aالسياسيون |
| 942 |
_2ddc _cBK |
||
| 999 |
_c24674 _d24674 |
||